El campo en la literatura española / (Record no. 56119)

MARC details
000 -LEADER
campo de control de longitud fija 00781nam a2200217 i 4500
001 - NÚMERO DE CONTROL
campo de control 56119
003 - IDENTIFICADOR DE NÚMERO DE CONTROL
campo de control ES-MaACL
005 - FECHA Y HORA DE LA ÚLTIMA TRANSACCIÓN
campo de control 20231111062525.0
007 - CAMPO FIJO DE DESCRIPCIÓN FÍSICA--INFORMACIÓN GENERAL
campo de control de longitud fija t|
008 - DATOS DE LONGITUD FIJA--INFORMACIÓN GENERAL
campo de control de longitud fija 031003s1982 sp ||||1| spa d
100 1# - ENTRADA PRINCIPAL--NOMBRE DE PERSONA
Nombre de persona Díaz-Plaja, Guillermo,
Fechas asociadas al nombre 1909-1984
9 (RLIN) 162428
245 13 - MENCIÓN DEL TÍTULO
Título El campo en la literatura española /
Mención de responsabilidad, etc. Guillermo Díaz-Plaja.
260 ## - PUBLICACIÓN, DISTRIBUCIÓN, ETC.
Lugar de publicación, distribución, etc. [Madrid] :
Nombre del editor, distribuidor, etc. Banco de Crédito Agrícola,
Fecha de publicación, distribución, etc. [1982]
300 ## - DESCRIPCIÓN FÍSICA
Extensión 343 p. :
Otras características físicas il. ;
Dimensiones 30 cm.
490 1# - MENCIÓN DE SERIE
Mención de serie Biblioteca Cultural del Banco de Crédito Agrícola
650 #4 - PUNTO DE ACCESO ADICIONAL DE MATERIA--TÉRMINO DE MATERIA
Término de materia o nombre geográfico como elemento de entrada Literatura española-
Subdivisión general Historia y crítica
9 (RLIN) 14560
650 #4 - PUNTO DE ACCESO ADICIONAL DE MATERIA--TÉRMINO DE MATERIA
Término de materia o nombre geográfico como elemento de entrada Naturaleza-
Subdivisión de forma En la literatura.
9 (RLIN) 160836
830 0# - PUNTO DE ACCESO ADICIONAL DE SERIE-TÍTULO UNIFORME
Título uniforme Biblioteca Cultural del Banco de Crédito Agrícola
9 (RLIN) 230372
852 ## - LOCALIZACIÓN
Ubicación ES-MaACL
Número de control de estantería L-3591
Sublocalización o colección R.104564
Holdings
Estatus retirado Estado de pérdida Estado de daño No para préstamo Biblioteca de origen Biblioteca actual Ubicación en estantería Fecha de adquisición Fuente de adquisición Total de préstamos Signatura topográfica completa Código de barras Visto por última vez Precio de reemplazo Tipo de ítem Koha
        Biblioteca del Ateneo de Madrid Biblioteca del Ateneo de Madrid Depósito 2 17/01/2008     L-3591 1058944 23/02/2023 23/02/2023 Libro impreso